LEADER 00944nam a2200205 i 4500 001 000000091799 003 CaOOAMICUS 005 20160209000000.0 008 160209s1850 it u000 u ita u 013 $a64041 040 $aSeMil$bita 100 1 $aAngelini, Antonio .$0(OLS)http://semarc/name/40957 245 10$aStoria della vita del p. Carlo Odescalchi della Compagnia di Gesł /$cscritta da Antonio Angelini. 260 $aRoma :$bTipografia di G. B. Marini e B. Morini,$c1850. 300 $a335 p., [1] c. di tav. :$britr. ;$c27 cm. 650 4$aOdescalchi, Carlo .$0(OLS)http://semarc/subject/16703 850 $aSeMil 852 $aSeMil$W1$xVenegono$y1$m3H V 54 FA$j54747$B54747$CSeMilBibl$Z2$F59400 $8I 996 $6245$aStoria della vita del p. Carlo Odescalchi della Compagnia di Gesł$9(OLS)http://semarc/title/137960 996 $6260$aRoma :$bTipografia di G. B. Marini e B. Morini$9(OLS)http://semarc/publisher/43892 LEADER 00623nab a2200133 i 4500 001 000000282330 003 CaOOAMICUS 005 20141103000000.0 008 141103n xx uu u0 0und r 013 $a35154 040 $aSeMil$bita 245 10$aBattaglie del lavoro :$bOrgano dei lavoratori democratici cristiani. - Riproduzione anastatica del N. 1, 15 Aprile 1945. 773 0 $tGiornali della Resistenza.$dMilano : Ufficio Stampa del Comune di Milano, 1970.$w()209602 996 $6245$aBattaglie del lavoro :$bOrgano dei lavoratori democratici cristiani. - Riproduzione anastatica del N. 1, 15 Aprile 1945.$9(OLS)http://semarc/title/364405